Managing Human Resources (Record no. 29)
[ view plain ]
| 000 -LEADER | |
|---|---|
| fixed length control field | 01360nam a2200169 4500 |
| 020 ## - INTERNATIONAL STANDARD BOOK NUMBER | |
| ISBN | 0324184050 |
| 050 ## - CALL NUMBER | |
| Classification number | HF5549 |
| Item number | .B63 |
| 100 ## - AUTHOR | |
| Personal name | George Bohlander, Scott Snell |
| 245 ## - TITLE | |
| Title | Managing Human Resources |
| 250 ## - EDITION | |
| Edition statement | 13th ed. |
| 260 ## - PUBLICATION INFORMATION | |
| Place of publication | United States: |
| Name of publisher | Thomson/South-Western, |
| Year of publication | 2004. |
| 300 ## - DESCRIPTION | |
| Number of Pages | xxxvii, 794 p.: |
| Other physical details | ill., |
| Dimensions | 26 cm. |
| 500 ## - NOTES | |
| General note | Includes index.<br/> |
| 505 ## - FORMATTED CONTENTS NOTE | |
| Table of Content | pt. 1. Human resources management in perspective --<br/>The challenge of human resources management --<br/>Equal employment opportunity and human resources management --<br/>pt. 2. Meeting human resources requirements --<br/>Job analysis, employee involvement, and flexible work schedules --<br/>Human resources planning and recruitment --<br/>Selection --<br/>pt. 3. Developing effectiveness in human resources --<br/>Training and development --<br/>Career development --<br/>Appraising and improving performance --<br/>pt. 4. Implementing compensation and security --<br/>Managing compensation --<br/>Pay-for-performance : Incentive rewards --<br/>Employee benefits --<br/>Safety and health --<br/>pt. 5. Enhancing employee management relations --<br/>Employee rights and discipline --<br/>The dynamics of labor relations --<br/>pt. 6. Expanding human resources management horizons --<br/>International human resources management --<br/>Creating high-performance work systems. |
| 650 ## - SUBJECTS | |
| Topical Term | Practical Skills for Managing. |
| 942 ## - ADDED ENTRY ELEMENTS (KOHA) | |
| Koha item type | Books |
| Withdrawn status | Lost status | Home library | Current library | Shelving location | Date acquired | Full call number | Accession Number | Koha item type |
|---|---|---|---|---|---|---|---|---|
| Methodist University Library Tema | Methodist University Library Tema | General Stacks | 22/09/2015 | HF5549 .B63 | 1855 | Books |